00392nam a2200133Ia 4500003000400000020001800004082001400022100002300036245002900059250001200088260005000100300001100150650009700161SGT a9788120339040 a5.43bTAN aTanenbaum,Andrew S aModern operating systems a3rd Ed. bPHI Learning Private LimitedaNew Delhic2008 a1076p. aINTRODUCTION, PROCESSES AND THREADS, MEMORY MANAGEMENT, FILE SYSTEM, INPUT/OUTPUT, DEADLOCKS